Statistics for Hidden letters #5

Click here to take the quiz!

General Stats

  • This quiz has been taken 40 times
    (16 since last reset)
  • The average score is 5 of 7

Answer Stats

HintAnswer% Correct
Capital of IsraelJerusalem
92%
Capital of TurkeyAnkara
77%
Guided answer: Enter the first letters in order of every answer so farJA
77%
SECRET WORD:JAPAN
69%
Country landlocked in between China and IndiaNepal
69%
Name which Iran used to be called back thenPersia
62%
Most populous city in KazakhstanAlmaty
54%

Score Distribution

Percentile by Number Answered

Percent of People with Each Score

Your Score History

You have not taken this quiz since the last reset